| 000 | 00563nam a22001457a 4500 | ||
|---|---|---|---|
| 008 | 230602b xxu||||| |||| 00| 0 eng d | ||
| 082 |
_a305.67628 _bNJE |
||
| 111 | _dJuly 2009 | ||
| 245 |
_aMapping the Root Causes of Conflict: _bAn Agenda for Sustainable Conflict Mitigation and Peace Building in Kenya _cKenya Episcopal Conference, Catholic Justice and Peace Commission |
||
| 250 | _aSimplified and Popular Version | ||
| 260 |
_aKenya _bKenya Episcopal Conference _cJuly 2009 |
||
| 300 | _a56 p | ||
| 710 | _bCatholic Justice and Peace Commission | ||
| 942 |
_2ddc _cBK |
||
| 999 |
_c209 _d209 |
||